| 000 | 00568nam a2200169 a 4500 | ||
|---|---|---|---|
| 001 | 000035549 | ||
| 005 | 20200930074426.0 | ||
| 008 | 111103s1975 mx 000 0 spa d | ||
| 020 | _a9700510409 | ||
| 040 |
_aDO-SdBNP _bspa _cBNPHU |
||
| 100 | 1 |
_aAphrodite, J. _961448 |
|
| 240 | 1 | 0 |
_ato turn you on 39 sex fantasies for women _lespañol |
| 245 | 1 | 0 |
_aPara excitarlas : _b39 fantasías sexuales para mujeres / _cJ. Aphrodite ; traductor Agustín Contín. |
| 260 |
_aMéxico : _bGrijalbo, _c1975. |
||
| 300 |
_a205 p. ; _c23 cm. |
||
| 700 | 1 |
_aContín, Agustín _etr. _945783 |
|
| 999 |
_c35040 _d35040 |
||